| 000 | 00871nam a2200253 a 4500 | ||
|---|---|---|---|
| 999 |
_c11974 _d11974 |
||
| 001 | 11974 | ||
| 003 | BD-JhCC | ||
| 005 | 20210301104039.0 | ||
| 008 | 210301b 2013bg a|||| ||a| 000 0 mul d | ||
| 020 | _a9789848980743 | ||
| 035 | _a(BD-JhCC)11974 | ||
| 040 |
_aBD-JhCC _dBD-JhCC |
||
| 041 | _amul | ||
| 082 |
_a005.1 _bCHO 2013 |
||
| 100 | _aচৌধুরী,মোঃ আনোয়ার হোসেন | ||
| 245 |
_aএন্ড্রয়েড এপ্স _cমোঃ আনোয়ার হোসেন চৌধুরী |
||
| 260 |
_aঢাকা : _bসিসটেক পাবলিকেন্স লিমিটেড; _c২০১৩. |
||
| 300 |
_a256 p, : _bill _c24 cm. |
||
| 650 | _aAndroid (Electronic resource) | ||
| 650 | _aComputer science | ||
| 650 | _aApplication software--Development | ||
| 942 |
_2ddc _cBK |
||